Missing Word: Justin Movies Quiz Stats

 Plays Quiz Updated Oct 12, 2014

Challenge
Share
Tweet
Embed
Score 0/20 Timer 04:00
1 Play Today
% Correct
Live
97.3%
Love
96.7%
Just
95.6%
Benefits
92.8%
Network
92.2%
American
91.7%
Story
91.2%
Vice
90.7%
Bad
87.9%
Throttle
86.5%
% Correct
Reunion
80.9%
Launch
80.7%
Distance
74.2%
National
74%
Moan
39.9%
Strangers
39.3%
Holy
31%
Alpha
30.6%
Revolt
28.7%
Dark
19.1%

Today's Daily Dose

Missing Word
Hayao Miyazaki

Word Ladder
Florida

On This Day
December 13th II

You're not logged in!

Compare scores with friends on all Sporcle quizzes.
OR
Log In

You Might Also Like...

Show Comments

Extras

Top Quizzes Today


Score Distribution

Your Account Isn't Verified!

In order to create a playlist on Sporcle, you need to verify the email address you used during registration. Go to your Sporcle Settings to finish the process.

Report this User

Report this user for behavior that violates our Community Guidelines.

Details: